[Event "Fall Chess Classic 2017-B"]
[Site "Saint Louis"]
[Date "2017.09.14"]
[Round "9"]
[White "Chandra, Akshat"]
[Black "Ramirez, Alejandro"]
[Result "1/2-1/2"]
[WhiteElo "2481"]
[BlackElo "2563"]
[Annotator "TA"]
[PlyCount "98"]
[EventDate "2017.??.??"]
[EventType "tourn"]
[EventCountry "USA"]
[SourceTitle "playchess.com"]
[Source "ChessBase"]
[SourceQuality "1"]

{[%evp 15,98,1,64,62,52,52,66,17,66,57,67,65,48,23,133,139,172,172,222,208,180,160,227,0,65,0,219,58,181,30,20,58,42,0,0,0,54,0,6,-52,117,-115,34,28,42,40,20,0,0,16,16,0,98,98,98,98,98,98,98,101,104,114,101,6,6,7,8,3,7,0,8,8,8,8,8,8,8,8,8,8,42,42,42,42,69]} 1. e4 c5 2. Nf3 Nc6 3. Bb5 e6 4. O-O Nge7 5. c3 a6 6. Ba4 b5 7. Bc2 Bb7 8. a4 d5 {LiveBook: 8 Games. B30: Sicilian: 2...Nc6 3 Bb5, lines without ...g6} (8... b4 $11) (8... Ng6 9. Re1 Rc8 10. Na3 b4 11. Nc4 Be7 12. d4 cxd4 13. cxd4 Na5 14. Ne3 O-O 15. b3 Nh4 16. Nxh4 Bxh4 {1-0 (55) Svidler,P (2741)-Nakamura,H (2735) Ohrid 2009}) 9. axb5 $14 axb5 10. Rxa8 Qxa8 11. Re1 $146 ({Predecessor:} 11. Na3 Ba6 12. exd5 Nxd5 13. c4 bxc4 14. Ba4 Qb7 15. Ne5 Ndb4 16. Qf3 {1-0 (26) Lebrun,X (2221)-Debehaigne,B (1994) Issy les Moulineaux 2011}) 11... Na7 {[%cal Rd5e4]} 12. d4 dxe4 13. Ng5 {[%cal Rg5e4]} cxd4 {Black wants to play ...d3.} 14. Nxe4 {Strongly threatening Nd6+.} Nec6 (14... Qd8 $1 $11 {keeps the balance.}) 15. Qh5 $16 {[%mdl 1024] White has strong compensation.} (15. cxd4 $6 Nb4 $14) 15... Be7 16. Ng5 $1 g6 17. Qh6 $1 {[%cal Rh6g7] Qg7 is the strong threat.} Bf8 18. Qh3 Be7 {[#]} (18... Qc8 $16 {was called for.}) 19. Qh6 $2 (19. Bxg6 $1 $18 {[%mdl 512]} fxg6 20. Qxe6) 19... Bf8 $1 $14 {[%cal Rf8h6]} 20. Qh3 $2 (20. Qh4 $1 $14 Bg7 21. Bf4) 20... Be7 $18 {[#]} 21. Bb3 $2 (21. Bxg6 $1 $18 {[%mdl 512]} fxg6 22. Qxe6) 21... Nc8 {[#]} (21... Nd8 $1 $14) 22. Qh6 $2 (22. Nxf7 $1 $18 {[%mdl 512]} Kxf7 23. Bxe6+ (23. Qxe6+ Ke8 $16) 23... Ke8 24. Bh6) 22... Bf8 $11 23. Qh4 Be7 24. Qh6 {Threatens to win with Bxe6!} Bf8 25. Qh4 (25. Qh3 $11 Be7 26. Nxf7 $1 {[%mdl 512]} Kxf7 27. Na3 (27. Rxe6 Ke8 $11)) 25... Be7 $14 26. Qf4 Nd6 $1 27. cxd4 ({White should play} 27. Na3 $11 Qa5 28. Bd2) 27... h6 $2 {[#]} (27... Bxg5 $1 $15 {stays ahead.} 28. Qxd6 (28. Qxg5 O-O $15) 28... Be7) 28. Ne4 $2 (28. Nxf7 $1 $16 {[%mdl 512] and life is bright.} Nxf7 29. Bxe6) 28... Nxe4 ({Black should try} 28... Nf5 $1 $17 29. d5 Ncd4) 29. Qxe4 {aiming for Bxe6!} Na5 30. Qe5 $1 {[%csl LRb5,LRh8]} Rh7 31. Bxe6 fxe6 32. Qxe6 Rf7 $1 33. Bd2 $36 {[%mdl 2048] White fights for an advantage.} Nc6 (33... Nc4 $11 {remains equal.}) 34. Qxg6 $16 {Black must now prevent d5.} Qd8 35. Bxh6 Qd5 36. Nc3 Qf5 {[#]} 37. Qxf5 $1 Rxf5 {[#]} 38. d5 $1 {[%cal Rd5c6]} Re5 39. Rxe5 (39. Be3 $16) 39... Nxe5 $11 40. Nxb5 Kd7 41. Bg7 Nd3 42. Nd4 Nxb2 43. Nc6 Nd3 44. Nxe7 Kxe7 45. Kf1 Bxd5 46. Bh6 Kf6 47. Ke2 Bxg2 {And now ...Ne5 would win.} 48. Kxd3 Kf5 49. Ke3 Bc6 {Precision: White = 42%, Black = 37%.} 1/2-1/2

[Event "Fall Chess Classic 2017-B"]
[Site "Saint Louis"]
[Date "2017.09.14"]
[Round "9"]
[White "Prasanna Raghuram Rao"]
[Black "Pichot, Alan"]
[Result "0-1"]
[WhiteElo "2455"]
[BlackElo "2565"]
[Annotator "TA"]
[PlyCount "102"]
[EventDate "2017.??.??"]
[EventType "tourn"]
[EventCountry "USA"]
[SourceTitle "playchess.com"]
[Source "ChessBase"]
[SourceQuality "1"]

{[%evp 27,102,43,68,74,70,35,29,33,43,0,0,0,0,0,0,0,0,7,0,-19,-22,-64,-66,-60,-65,-64,-45,-68,-77,-118,-84,-88,-33,-47,-38,-48,-46,-62,-20,-7,-43,-139,0,-475,-473,-684,-670,-782,-739,-687,-666,-1021,-808,-990,-889,-12836,-12836,-12837,-12837,-12837,-12837,-12837,-12839,-12840,-12841,-12841,-12841,-12842,-12843,-12842,-12837,-12843,-12844,-12844,-12844,-12843,-12842]} 1. e4 c5 2. Nf3 Nc6 3. d4 cxd4 4. Nxd4 Qb6 5. Nb3 Nf6 6. Nc3 e6 7. Bd3 a6 8. Be3 Qc7 9. f4 d6 10. Qf3 b5 11. g4 Be7 12. g5 Nd7 13. O-O-O Bb7 {B33: Sicilian: Pelikan and Sveshnikov Variations} 14. Kb1 Nc5 {LiveBook: 11 Games} (14... Nb4 15. h4 Nxd3 16. cxd3 b4 17. Ne2 a5 18. Rc1 Qb8 19. Nbd4 Nc5 20. f5 e5 21. f6 exd4 22. fxe7 dxe3 {1-0 (33) Najer,E (2679)-Kulaots,K (2556) Tallinn 2016}) 15. Qh3 b4 {White is better.} 16. Ne2 Nxd3 $146 ({Predecessor:} 16... g6 17. Rhf1 a5 18. Nxc5 dxc5 19. f5 e5 20. fxg6 fxg6 21. Qe6 {1-0 (21) Matsuura,E (2462)-Shigueo Ueti,S (2096) Cordeiropolis 2017}) 17. cxd3 a5 18. g6 fxg6 19. Nbd4 Nd8 $1 ({Of course not} 19... Nxd4 $6 20. Nxd4 O-O 21. Qxe6+ (21. Nxe6 Qd7 $16) 21... Kh8 22. Rc1 $16) 20. Nxe6 Nxe6 21. Qxe6 Qd7 22. Qxd7+ Kxd7 23. h4 d5 24. h5 dxe4 25. dxe4+ Ke6 26. Ng3 Rad8 27. Bd4 Rhf8 28. h6 Rxf4 {[#] And now ...gxh6 would win.} 29. hxg7 Rh4 (29... Rg4 $17 30. Bf2 Rg8 31. Rxh7 Rh4 32. Rxh4 Bxh4) 30. Rhf1 $1 $15 Rg8 31. Rc1 Rg4 32. Rc7 Bxe4+ 33. Nxe4 Rxe4 34. Rd1 {[#]} (34. Bg1 $1 $15) 34... Bd6 (34... Re8 $1 $17 35. Ra7 Kf7 36. Rxa5 Rd8 37. Rf1+ Kg8) 35. Rc6 $2 {[%mdl 8192]} (35. Ra7 $11 Be5 36. Ra6+ Kf5 37. Rxa5 Rxg7 38. Bxe5 Rxe5 39. Rf1+ Ke6 40. Ra6+ Kd5 41. Ra5+ Kd6 42. Ra6+ Kc5 43. Ra5+ Kd6 44. Ra6+ Kc5 45. Ra5+ Kd6) 35... Kd5 $19 {Black is clearly winning.} 36. Ra6 (36. Rxd6+ $142 Kxd6 37. Kc2) 36... Rxd4 37. Rxd4+ Kxd4 38. Rxd6+ {[%mdl 4096] Endgame KR-KR} Ke5 39. Ra6 Rxg7 40. Rxa5+ Kf6 41. Rb5 g5 {[%cal Bg6g5,Bg5g4,Bg4g3][%mdl 32]} 42. Rb6+ Kf5 43. Rb5+ Kf4 44. Rxb4+ Kf3 45. Rb6 g4 46. Rf6+ Kg2 47. a4 g3 48. a5 h5 {[%cal Bh7h5,Bh5h4][%mdl 32]} 49. Rh6 Kf3 50. Rf6+ Kg4 51. Rf1 h4 {Precision: White = 38%, Black = 73%.} 0-1

[Event "Fall Chess Classic 2017-B"]
[Site "Saint Louis"]
[Date "2017.09.14"]
[Round "9"]
[White "Ni, Shiqun"]
[Black "Shabalov, Alexander"]
[Result "1-0"]
[WhiteElo "2426"]
[BlackElo "2563"]
[Annotator "TA"]
[PlyCount "113"]
[EventDate "2017.??.??"]
[EventType "tourn"]
[EventCountry "USA"]
[SourceTitle "playchess.com"]
[Source "ChessBase"]
[SourceQuality "1"]

{[%evp 23,113,10,20,21,4,6,12,0,13,4,9,4,0,0,0,8,15,15,14,7,24,8,19,17,20,22,14,12,21,5,14,24,33,29,32,39,55,0,35,0,22,27,47,44,89,78,90,78,67,64,104,15,83,72,131,146,137,142,140,126,168,167,229,229,292,287,252,154,151,150,228,161,160,168,152,115,136,135,150,135,135,135,201,197,223,191,480,465,5179,5181,4870,4777]} 1. e4 {[%cal Be2e4,Be4e5][%mdl 32]} Nf6 2. e5 Nd5 3. d4 d6 4. c4 Nb6 5. exd6 cxd6 6. Nc3 g6 7. Be3 Bg7 8. Rc1 O-O 9. b3 Bf5 10. Nf3 {B03: Alekhine's Defence: Four Pawns Attack} (10. d5 e5 11. dxe6 Bxe6 12. Nge2 d5 13. c5 Nc6 14. Nd4 Bxd4 15. Bxd4 Re8 16. cxb6 Qh4 17. Ne2 axb6 {1-0 (38) Xiong,J (2618)-Kamsky,G (2678) Saint Louis 2016}) 10... d5 11. c5 Nc8 12. b4 a6 {LiveBook: 6 Games} 13. Be2 Nc6 14. a3 e6 15. O-O Bg4 16. Ne1 Bxe2 17. Nxe2 N8e7 18. Nf3 $146 Nf5 19. Qd3 Nxe3 20. Qxe3 Qf6 21. Rfd1 Rfe8 22. Rb1 e5 23. dxe5 Nxe5 24. Nxe5 Rxe5 25. Qd3 Rae8 26. Nd4 Re4 {[%cal Rf6d4]} 27. Nf3 g5 28. h3 Qf5 29. Kf1 d4 30. Rd2 (30. Rbc1 $14) 30... Qe6 31. Rdd1 Qg6 32. Rb3 f5 33. Nd2 Qe6 {[#] ( -> ...Re1+)} 34. Qc4 ({Much worse is} 34. Nxe4 fxe4 35. Qb1 d3 $11) 34... Re2 35. Qxe6+ R8xe6 36. Rd3 h6 37. a4 (37. g3 $16) 37... Re7 (37... g4 $11 {remains equal.}) 38. Rc1 $16 Kf8 ({Better is} 38... R2e6) 39. b5 {Threatens to win with c6.} axb5 40. axb5 {[%cal Ba4b5,Bb5b6][%mdl 32]} R2e6 {[#]} 41. Nb3 $1 Re4 42. Na5 Be5 (42... R4e6 {was called for.} 43. b6 Be5) 43. b6 $18 Ke8 44. c6 bxc6 45. Nxc6 ({Resist} 45. Rxc6 $6 Bd6 $16) 45... Rb7 46. Rb1 Kd7 (46... Bc7 $16) 47. Nxe5+ Rxe5 48. Rxd4+ {[%mdl 4096] Endgame KRR-KRR} Kc6 49. Rdb4 Rd5 50. g3 Rc5 51. Kg2 Rd5 52. Rc1+ Rc5 (52... Kd7 $16 53. Rb3 Rd6) 53. Re1 {And now Re6+ would win.} Kd6 54. Rb2 Rd5 $2 (54... Rc6 55. Rd2+ Kc5) 55. Re8 {White is clearly winning.} Kc5 (55... Ra5 $142 56. Rh8 Ke5 57. Rxh6 Kd4) 56. Rc8+ Kd6 57. Rd8+ {Precision: White = 70%, Black = 26%.} 1-0